Fortnite Season Names - Statistics

General Stats
  • This quiz has been taken 120 times
    6 since last reset
  • The average score is 11 of 38
Answer Stats
Season Answer % Correct
Ch5 S1 Underground
60%
Ch3 S3 Vibin'
60%
Ch1 S5 Worlds Collide
60%
Ch3 S1 Flipped
40%
Ch1 S2 Fort Knights
40%
Ch6 MS1 Galactic Battle
40%
Ch6 S1 Hunters
40%
Ch6 S2 Lawless
40%
Ch4 S2 MEGAメガ
40%
Ch5 S2 Myths And Mortals
40%
Ch3 S4 Paradise
40%
Ch3 S2 Resistance
40%
Ch6 S4 Shock 'N Awesome
40%
Ch6 S3 Super
40%
Ch5 S3 Wrecked
40%
Ch1 S8 X Marks The Spot
40%
Ch1 S7 You Better Watch Out
40%
Ch5 S4 Absolute Doom
20%
Ch1 S4 Brace For Impact
20%
Ch2 S8 Cubed
20%
Ch1 S6 Darkness Rises
20%
Ch1 S1 First Steps
20%
Ch6 MS2 Fortnite: The Simpsons / Fartnite
20%
Ch2 S7 Invasion
20%
Ch4 S4 Last Resort
20%
Ch1 S3 Meteor Strike
20%
Ch2 S1 New World
20%
Ch2 S4 Nexus War
20%
Ch1 SX Out Of Time
20%
Ch7 S1 Pacific Break
20%
Ch2 S6 Primal
20%
Ch7 S2 Showdown
20%
Ch2 S3 Splashdown
20%
Ch2 S2 Top Secret
20%
Ch4 S3 Wilds
20%
Ch2 S5 Zero Point
20%
Ch4 S1 Oathbound
0%
Ch1 S9 The Future Is Now
0%
No matching quizzes found
Score Distribution
Percent of People with Each Score
Percentile by Number Answered
Your Score History
You have not taken this quiz since the last reset